ბათუმის შოთა რუსთაველის სახელმწიფო უნივერსიტეტის ბიბლიოთეკა

Электрические машины и микромашины. (ბიბ.ჩანაწერი № 40625)

000 -LEADER
fixed length control field 00710nam a2200217Ia 4500
001 - CONTROL NUMBER
control field 7252
003 - CONTROL NUMBER IDENTIFIER
control field GE_BSU
008 - FIXED-LENGTH DATA ELEMENTS--GENERAL INFORMATION
fixed length control field 181216s||||||||xx |||||||||||||| ||und||
040 ## - CATALOGING SOURCE
Transcribing agency GE_BSU
080 ## - UNIVERSAL DECIMAL CLASSIFICATION NUMBER
Universal Decimal Classification number 621.313(075.8)
100 ## - MAIN ENTRY--PERSONAL NAME
Personal name Брускин,Д.Э. Зорохович,А.Е. Хвостов,В.С.
245 ## - TITLE STATEMENT
Title Электрические машины и микромашины.
245 ## - TITLE STATEMENT
Remainder of title Учеб. пособие.
245 ## - TITLE STATEMENT
Statement of responsibility, etc. Ред. С.М.Оводова.
260 ## - PUBLICATION, DISTRIBUTION, ETC.
Place of publication, distribution, etc. М.
260 ## - PUBLICATION, DISTRIBUTION, ETC.
Name of publisher, distributor, etc. Высш. школа.
260 ## - PUBLICATION, DISTRIBUTION, ETC.
Date of publication, distribution, etc. 1971.
300 ## - PHYSICAL DESCRIPTION
Extent 432стр.22см.с илл.библиогр.:стр.426.
653 ## - INDEX TERM--UNCONTROLLED
Uncontrolled term Электрические машины и микромашины.
942 ## - ADDED ENTRY ELEMENTS (KOHA)
Koha item type წიგნი
ეგზემპლარები
Withdrawn status Lost status Damaged status Not for loan Date acquired Barcode Date last seen Price effective from Koha item type
        2018-12-17 10791 2018-12-17 2018-12-17 წიგნი
        2018-12-17 10792 2018-12-17 2018-12-17 წიგნი
        2018-12-17 0793 2018-12-17 2018-12-17 წიგნი